000 00675nam a2200241 a 4500
001 000014880
005 20200929163921.0
008 100126s1994 sp 000 f spa d
020 _a8408000187
040 _aDO-SdBNP
_bspa
_cBNPHU
082 _a863.64
_bD353sa, 1994
100 1 _aDelibes, Miguel,
_d1920-2010
_93297
245 1 4 _aLos santos inocentes /
_cMiguel Delibes.
250 _a45a ed.
260 _aBarcelona :
_bPlaneta,
_c1994.
300 _a175, [3] p. ;
_c19 cm.
490 1 _aPlaneta bolsillo
_v1
650 4 _aNovela espaƱola
_91123
650 4 _aLiteratura espaƱola
_9632
830 0 _aPlaneta bolsillo ;
_v1
_921739
910 _aWM
049 _aBNGR
999 _c14460
_d14460